00610 2200229 4500001002100000005001700021008004100038020002200079035002400101082000800125090001800133100001700151245005000168250001600218260003300234300002400267504001700291650001800308990001800326990001800344990001800362YOGYA-0411000000232420110428081727.0 ind  a978-979-756-579-4 0010-041100000002324 a320 a320bPap IlQ aPAPASI, J.M. aIlmu politik : Teori dan pratik / J.M. Papasi aEd.1bCet.1 aYogjakartabGraha Ilmuc2010 axvii,316 hlmc26 cm ahlm. 281-286 aPolitik, Ilmu a51527-PD/B.10 a51528-PD/B.10 a51529-PD/B.10